Formación de la Afectividad, 8
Saved in:
| Hovedforfatter: | |
|---|---|
| Andre forfattere: | |
| Format: | Bog |
| Sprog: | spansk |
| Udgivet: |
Bogotá, Colombia
Educar Editores
1999
|
| Serier: | Serie de Educación Sexual: Educación Básica
|
| Fag: | |
| Tags: |
Tilføj Tag
Ingen Tags, Vær først til at tagge denne postø!
|
MARC
| LEADER | 00000nam a2200000 a 4500 | ||
|---|---|---|---|
| 001 | UCH8043 | ||
| 003 | CL-VaPUC | ||
| 005 | 20240930160403.0 | ||
| 008 | 091127e19990000ck |||||||||||||||||spa|d | ||
| 999 | |c 338307 |d 338305 | ||
| 020 | |a 9580506825 serie | ||
| 020 | |a 958050685X | ||
| 040 | |c Pontificia Universidad Católica de Valparaíso | ||
| 082 | 0 | 4 | |a 241.4 BAQ 1999 |2 21 |
| 100 | 0 | |a Baquero Vizcaíno, Gladys |9 544436 | |
| 245 | 1 | 0 | |a Formación de la Afectividad, 8 |
| 260 | 0 | 3 | |a Bogotá, Colombia |b Educar Editores |c 1999 |
| 300 | |a 87 páginas. | ||
| 490 | 0 | |a Serie de Educación Sexual: Educación Básica | |
| 583 | |k Rodrigo Vera |c 20201208 | ||
| 650 | 0 | |a Educación |9 258661 | |
| 650 | 7 | |a EDUCACION CRISTIANA |2 CL-VaPUC |9 308333 | |
| 650 | 0 | |a Educación sexual |9 308005 | |
| 650 | 7 | |a NOVIAZGO |2 CL-VaPUC |9 400124 | |
| 650 | 0 | |a Adolescencia |9 307361 | |
| 650 | 0 | |a Sexualidad |9 358183 | |
| 650 | 0 | |a Prostitución |9 344312 | |
| 650 | 0 | |a Drogadicción |9 331967 | |
| 650 | 0 | |a Aborto |9 256680 | |
| 650 | 0 | |a Anticonceptivos |9 380147 | |
| 700 | 0 | |a Vitola Beltrán, Alvaro |9 544437 | |
| 942 | |c BK |2 ddc | ||
| 945 | |d 20091127 00:00:00 |a lazolas | ||